[Event "US Amateur Team West Championship"]
[Site "chess24.com"]
[Date "2020.02.16"]
[Round "2"]
[White "Ho, Brandon"]
[Black "Wu, Derek"]
[Result "0-1"]
[Board "2"]
[WhiteFideId "2094622"]
[WhiteElo "1758"]
[WhiteCountry "USA"]
[WhiteEloChange "-2"]
[BlackFideId "30914558"]
[BlackElo "2105"]
[BlackCountry "USA"]
[BlackEloChange "2"]

1. b4 {[%clk 1:59:49]} c6 {[%clk 1:59:43]} 2. e3 {[%clk 0:06:52]} a5 {[%clk
1:55:49]} 3. b5 {[%clk 1:52:27]} a4 {[%clk 1:54:51]} 4. c4 {[%clk 1:47:42]} e6
{[%clk 1:50:29]} 5. Bb2 {[%clk 1:32:03]} d5 {[%clk 1:47:58]} 6. Qc2 {[%clk
1:22:05]} a3 {[%clk 1:43:18]} 7. Bc3 {[%clk 1:04:41]} dxc4 {[%clk 1:41:15]} 8.
Bxc4 {[%clk 1:00:28]} Qg5 {[%clk 1:40:27]} 9. Bf1 {[%clk 0:57:15]} Nf6 {[%clk
1:37:31]} 10. Nf3 {[%clk 0:55:29]} Qc5 {[%clk 1:36:40]} 11. Qb3 {[%clk 0:46:56]}
Ne4 {[%clk 1:29:50]} 12. Bd3 {[%clk 0:43:00]} Ng5 {[%clk 1:24:22]} 13. Ne5 {[%clk
0:38:28]} f6 {[%clk 1:21:00]} 14. Nc4 {[%clk 0:33:08]} cxb5 {[%clk 1:19:35]} 15.
Ncxa3 {[%clk 0:28:50]} b4 {[%clk 1:11:28]} 16. Nb5 {[%clk 0:26:36]} bxc3 {[%clk
1:11:04]} 17. N1xc3 {[%clk 0:26:21]} Na6 {[%clk 1:10:39]} 18. O-O {[%clk
0:22:44]} Be7 {[%clk 1:08:36]} 19. Bc4 {[%clk 0:18:15]} Qb4 {[%clk 1:06:38]} 20.
Na4 {[%clk 0:12:45]} Qxb3 {[%clk 1:03:31]} 21. axb3 {[%clk 0:12:41]} Bd7 {[%clk
1:02:59]} 22. Nb6 {[%clk 0:09:42]} Rd8 {[%clk 1:02:27]} 23. Nc3 {[%clk 0:06:49]}
Nc5 {[%clk 0:59:39]} 24. d3 {[%clk 0:05:32]} f5 {[%clk 0:52:55]} 25. Ra7 {[%clk
0:03:39]} Bf6 {[%clk 0:51:09]} 26. d4 {[%clk 0:03:32]} Bc6 {[%clk 0:49:18]} 27.
Nb5 {[%clk 0:03:24]} Na6 {[%clk 0:48:31]} 28. Nc3 {[%clk 0:02:44]} Nc7 {[%clk
0:48:04]} 29. Rc1 {[%clk 0:02:44]} O-O {[%clk 0:46:42]} 30. f4 {[%clk 0:02:44]}
Ne4 {[%clk 0:46:08]} 31. Nxe4 {[%clk 0:02:44]} fxe4 {[%clk 0:46:06]} 32. b4
{[%clk 0:02:44]} Nd5 {[%clk 0:45:04]} 33. b5 {[%clk 0:02:44]} Be8 {[%clk
0:41:53]} 34. Rxb7 {[%clk 0:02:44]} Nxe3 {[%clk 0:41:38]} 35. Bxe6+ {[%clk
0:02:44]} Kh8 {[%clk 0:41:38]} 36. d5 {[%clk 0:02:44]} Bd4 {[%clk 0:41:25]} 37.
Kh1 {[%clk 0:02:44]} Bxb5 {[%clk 0:41:06]} 38. Rcc7 {[%clk 0:02:44]} Ba6 {[%clk
0:40:54]} 0-1

[Event "US Amateur Team West Championship"]
[Site "chess24.com"]
[Date "2020.02.16"]
[Round "2"]
[White "Saikhanchimeg, Tsogtsaikhan"]
[Black "Ho, Stephen"]
[Result "1-0"]
[Board "3"]
[WhiteFideId "4901533"]
[WhiteElo "2042"]
[WhiteCountry "MGL"]
[WhiteEloChange "2"]
[BlackFideId "2094630"]
[BlackElo "1693"]
[BlackCountry "USA"]
[BlackEloChange "-2"]

1. e4 {[%clk 1:59:56]} e6 {[%clk 1:59:59]} 2. Qe2 {[%clk 1:57:50]} Be7 {[%clk
1:58:46]} 3. Nf3 {[%clk 1:57:42]} d5 {[%clk 1:56:36]} 4. d3 {[%clk 1:57:33]} c5
{[%clk 1:54:51]} 5. g3 {[%clk 1:55:01]} Nc6 {[%clk 1:54:28]} 6. Bg2 {[%clk
1:53:40]} Nf6 {[%clk 1:51:43]} 7. e5 {[%clk 1:52:32]} Nd7 {[%clk 1:51:30]} 8. O-O
{[%clk 1:52:24]} O-O {[%clk 1:49:18]} 9. c3 {[%clk 1:48:56]} b5 {[%clk 1:45:21]}
10. Re1 {[%clk 1:40:42]} c4 {[%clk 1:42:12]} 11. d4 {[%clk 1:36:31]} b4 {[%clk
1:39:57]} 12. h4 {[%clk 1:31:25]} a5 {[%clk 1:32:25]} 13. Ng5 {[%clk 1:08:36]} h6
{[%clk 1:21:04]} 14. Nh3 {[%clk 1:05:55]} a4 {[%clk 1:18:00]} 15. a3 {[%clk
0:49:59]} bxc3 {[%clk 1:14:05]} 16. bxc3 {[%clk 0:49:55]} Na5 {[%clk 1:13:06]}
17. Bf4 {[%clk 0:38:30]} Rb8 {[%clk 1:10:00]} 18. Qg4 {[%clk 0:28:24]} Kh7 {[%clk
1:04:55]} 19. Qh5 {[%clk 0:28:06]} Rb2 {[%clk 0:58:29]} 20. Nd2 {[%clk 0:24:58]}
Nb3 {[%clk 0:56:30]} 21. Nxb3 {[%clk 0:24:23]} Rxb3 {[%clk 0:48:52]} 22. g4
{[%clk 0:24:09]} f6 {[%clk 0:43:36]} 23. g5 {[%clk 0:14:55]} fxg5 {[%clk
0:38:31]} 24. Bxg5 {[%clk 0:05:59]} Qe8 {[%clk 0:34:30]} 25. Qxe8 {[%clk
0:05:58]} Rxe8 {[%clk 0:34:30]} 26. Bxe7 {[%clk 0:05:58]} Rxe7 {[%clk 0:34:30]}
27. Nf4 {[%clk 0:05:58]} Nb6 {[%clk 0:27:48]} 28. Re3 {[%clk 0:05:45]} Rf7 {[%clk
0:03:41]} 29. Ne2 {[%clk 0:03:28]} Bd7 {[%clk 0:24:59]} 30. Bf3 {[%clk 0:02:03]}
g6 {[%clk 0:19:55]} 31. Kg2 {[%clk 0:01:49]} Nc8 {[%clk 0:18:25]} 32. Ng3 {[%clk
0:00:51]} Re7 {[%clk 0:17:01]} 33. Ra2 {[%clk 0:00:50]} Be8 {[%clk 0:10:44]} 34.
Bd1 {[%clk 0:00:47]} Rb6 {[%clk 0:09:21]} 35. Ne2 {[%clk 0:00:31]} Reb7 {[%clk
0:07:19]} 36. Nf4 {[%clk 0:00:31]} Ne7 {[%clk 0:06:51]} 37. Bg4 {[%clk 0:00:07]}
Bd7 {[%clk 0:03:20]} 38. Ree2 {[%clk 0:00:05]} Kg7 {[%clk 0:02:08]} 39. Rec2
{[%clk 0:00:04]} Kf7 {[%clk 0:00:59]} 40. Re2 {[%clk 0:00:01]} h5 {[%clk
0:00:08]} 41. Bh3 {[%clk 0:26:38]} Rb1 {[%clk 0:26:43]} 42. Rec2 {[%clk 0:23:01]}
Nc8 {[%clk 0:21:41]} 43. Re2 {[%clk 0:19:45]} Rc1 {[%clk 0:19:17]} 44. Re3 {[%clk
0:15:34]} Ne7 {[%clk 0:13:38]} 45. Rf3 {[%clk 0:14:56]} Nf5 {[%clk 0:10:23]} 46.
Bxf5 {[%clk 0:14:53]} exf5 {[%clk 0:10:23]} 47. Re2 {[%clk 0:12:23]} Be6 {[%clk
0:09:25]} 48. Rg3 {[%clk 0:09:48]} Rbb1 {[%clk 0:09:06]} 49. Nxe6 {[%clk
0:01:51]} Rg1+ {[%clk 0:08:56]} 50. Kh2 {[%clk 0:01:48]} Rxg3 {[%clk 0:07:58]}
51. Nd8+ {[%clk 0:01:35]} Ke8 {[%clk 0:07:58]} 52. Kxg3 {[%clk 0:00:55]} Kxd8
{[%clk 0:07:58]} 53. Kf4 {[%clk 0:00:34]} Rb3 {[%clk 0:02:43]} 54. e6 {[%clk
0:00:33]} Ke7 {[%clk 0:02:29]} 55. Ke5 {[%clk 0:00:33]} Rxa3 {[%clk 0:02:02]} 56.
Kxd5 {[%clk 0:00:33]} Rxc3 {[%clk 0:02:02]} 57. Kc6 {[%clk 0:00:27]} Rd3 {[%clk
0:01:43]} 58. d5 {[%clk 0:00:13]} c3 {[%clk 0:01:35]} 59. Ra2 {[%clk 0:00:03]}
Rd4 {[%clk 0:01:16]} 60. Kc5 {[%clk 0:00:03]} Rxh4 {[%clk 0:01:04]} 61. Re2
{[%clk 0:00:03]} Re4 {[%clk 0:01:04]} 62. Rc2 {[%clk 0:00:03]} a3 {[%clk
0:00:52]} 63. Rxc3 {[%clk 0:00:03]} a2 {[%clk 0:00:50]} 64. Ra3 {[%clk 0:00:03]}
Re2 {[%clk 0:00:45]} 65. Ra7+ {[%clk 0:00:03]} Kf6 {[%clk 0:00:30]} 66. f4 {[%clk
0:00:03]} g5 {[%clk 0:00:30]} 67. fxg5+ {[%clk 0:00:03]} Ke5 {[%clk 0:00:13]} 68.
e7 {[%clk 0:00:03]} Rc2+ {[%clk 0:00:11]} 69. Kb4 {[%clk 0:00:03]} Rc8 {[%clk
0:00:08]} 70. Rxa2 {[%clk 0:00:08]} Kxd5 {[%clk 0:00:08]} 71. Re2 {[%clk
0:00:03]} Re8 {[%clk 0:00:08]} 72. g6 {[%clk 0:00:03]} h4 {[%clk 0:00:02]} 73. g7
{[%clk 0:00:03]} h3 {[%clk 0:00:02]} 74. g8Q+ {[%clk 0:00:03]} Rxg8 {[%clk
0:00:02]} 75. e8Q {[%clk 0:00:03]} Rxe8 {[%clk 0:00:02]} 76. Rxe8 {[%clk
0:00:03]} f4 {[%clk 0:00:02]} 77. Rh8 {[%clk 0:00:03]} Ke4 {[%clk 0:00:02]} 78.
Rxh3 {[%clk 0:00:03]} f3 {[%clk 0:00:02]} 79. Rh8 {[%clk 0:00:03]} Ke3 {[%clk
0:00:02]} 80. Kc3 {[%clk 0:00:03]} Ke2 {[%clk 0:00:02]} 81. Re8+ {[%clk 0:00:03]}
Kd1 {[%clk 0:00:01]} 82. Kd3 {[%clk 0:00:01]} f2 {[%clk 0:00:01]} 83. Ra8 {[%clk
0:00:01]} Kc1 {[%clk 0:00:01]} 84. Rf8 {[%clk 0:00:01]} f1Q+ {[%clk 0:00:01]} 85.
Rxf1+ {[%clk 0:00:01]} Kb2 {[%clk 0:00:01]} 1-0

[Event "US Amateur Team West Championship"]
[Site "chess24.com"]
[Date "2020.02.16"]
[Round "2"]
[White "Ho, Michael"]
[Black "Doyle, Bryon"]
[Result "0-1"]
[Board "4"]
[WhiteFideId "2090465"]
[WhiteElo "1676"]
[WhiteCountry "USA"]
[WhiteEloChange "-2"]
[BlackFideId "2053136"]
[BlackElo "2043"]
[BlackCountry "USA"]
[BlackEloChange "2"]

1. d4 {[%clk 1:59:56]} c5 {[%clk 1:59:46]} 2. d5 {[%clk 1:59:20]} Nf6 {[%clk
1:59:45]} 3. Bg5 {[%clk 1:58:28]} g6 {[%clk 1:59:30]} 4. Bxf6 {[%clk 1:57:52]}
exf6 {[%clk 1:59:30]} 5. e4 {[%clk 1:54:05]} d6 {[%clk 1:57:21]} 6. Bd3 {[%clk
1:52:43]} Bg7 {[%clk 1:57:19]} 7. c3 {[%clk 1:50:14]} O-O {[%clk 1:56:30]} 8. Ne2
{[%clk 1:48:33]} Re8 {[%clk 1:53:49]} 9. Nd2 {[%clk 1:47:12]} Nd7 {[%clk
1:49:33]} 10. O-O {[%clk 1:44:08]} Ne5 {[%clk 1:47:33]} 11. Bc2 {[%clk 1:42:08]}
b5 {[%clk 1:44:45]} 12. a4 {[%clk 1:39:04]} b4 {[%clk 1:44:23]} 13. cxb4 {[%clk
1:37:14]} cxb4 {[%clk 1:44:09]} 14. Nb3 {[%clk 1:33:53]} Ba6 {[%clk 1:38:33]} 15.
Nbd4 {[%clk 1:30:41]} Rc8 {[%clk 1:36:31]} 16. Re1 {[%clk 1:28:19]} Qb6 {[%clk
1:11:04]} 17. h3 {[%clk 1:20:58]} f5 {[%clk 0:54:33]} 18. exf5 {[%clk 1:17:45]}
Rxc2 {[%clk 0:54:26]} 19. Qxc2 {[%clk 1:09:09]} Nd3 {[%clk 0:51:33]} 20. a5
{[%clk 1:03:12]} Nxe1 {[%clk 0:35:08]} 21. axb6 {[%clk 1:00:57]} Nxc2 {[%clk
0:35:06]} 22. Nxc2 {[%clk 0:51:26]} Bxe2 {[%clk 0:29:26]} 23. Rxa7 {[%clk
0:45:55]} b3 {[%clk 0:27:19]} 24. Nb4 {[%clk 0:36:29]} Bd4 {[%clk 0:26:48]} 25.
Rb7 {[%clk 0:33:07]} Bxb2 {[%clk 0:20:48]} 26. Nc6 {[%clk 0:28:29]} Bc3 {[%clk
0:19:47]} 27. Re7 {[%clk 0:26:22]} b2 {[%clk 0:16:23]} 28. Rxe8+ {[%clk 0:22:06]}
Kg7 {[%clk 0:16:22]} 29. Rxe2 {[%clk 0:19:18]} b1Q+ {[%clk 0:16:20]} 30. Kh2
{[%clk 0:19:13]} Qxb6 {[%clk 0:16:18]} 31. fxg6 {[%clk 0:17:19]} hxg6 {[%clk
0:16:16]} 32. Ne7 {[%clk 0:15:15]} Qc5 {[%clk 0:15:56]} 33. f4 {[%clk 0:13:19]}
Bf6 {[%clk 0:15:29]} 34. f5 {[%clk 0:12:48]} Bxe7 {[%clk 0:15:02]} 35. Rxe7
{[%clk 0:12:30]} Kf6 {[%clk 0:14:36]} 36. Re1 {[%clk 0:11:17]} g5 {[%clk
0:13:23]} 37. Rd1 {[%clk 0:10:22]} Kxf5 {[%clk 0:13:16]} 38. Rf1+ {[%clk
0:09:53]} Kg6 {[%clk 0:13:14]} 39. Rd1 {[%clk 0:09:29]} f5 {[%clk 0:13:11]} 40.
Rd2 {[%clk 0:09:03]} f4 {[%clk 0:13:10]} 41. h4 {[%clk 0:07:09]} g4 {[%clk
0:12:43]} 42. h5+ {[%clk 0:06:58]} Kxh5 {[%clk 0:12:39]} 43. g3 {[%clk 0:06:39]}
fxg3+ {[%clk 0:12:28]} 44. Kg2 {[%clk 0:06:39]} Qe3 {[%clk 0:12:18]} 45. Rb2
{[%clk 0:05:29]} Qe4+ {[%clk 0:11:44]} 0-1

[Event "US Amateur Team West Championship"]
[Site "chess24.com"]
[Date "2020.02.16"]
[Round "2"]
[White "Murugappan, Ganesh"]
[Black "Bick, Gabriel James Koop"]
[Result "0-1"]
[Board "1"]
[WhiteFideId "2080516"]
[WhiteElo "2095"]
[WhiteCountry "USA"]
[WhiteEloChange "-3"]
[BlackFideId "2084058"]
[BlackElo "2397"]
[BlackCountry "USA"]
[BlackEloChange "3"]

1. e4 {[%clk 2:00:00]} e5 {[%clk 1:59:58]} 2. Nf3 {[%clk 1:58:51]} Nc6 {[%clk
1:59:55]} 3. Bb5 {[%clk 1:58:45]} a6 {[%clk 1:59:53]} 4. Ba4 {[%clk 1:58:42]} Nf6
{[%clk 1:59:52]} 5. O-O {[%clk 1:58:34]} Bc5 {[%clk 1:59:52]} 6. c3 {[%clk
1:58:19]} b5 {[%clk 1:59:51]} 7. Bb3 {[%clk 1:58:11]} d6 {[%clk 1:59:46]} 8. d4
{[%clk 1:58:01]} Bb6 {[%clk 1:59:45]} 9. a4 {[%clk 1:57:41]} Rb8 {[%clk 1:59:43]}
10. axb5 {[%clk 1:57:15]} axb5 {[%clk 1:59:43]} 11. Na3 {[%clk 1:57:09]} O-O
{[%clk 1:59:39]} 12. Nxb5 {[%clk 1:57:04]} Bg4 {[%clk 1:59:38]} 13. Bc2 {[%clk
1:56:49]} exd4 {[%clk 1:58:53]} 14. Nbxd4 {[%clk 1:56:47]} Nxd4 {[%clk 1:58:26]}
15. cxd4 {[%clk 1:56:14]} Bxf3 {[%clk 1:57:46]} 16. gxf3 {[%clk 1:55:53]} Nh5
{[%clk 1:57:33]} 17. Be3 {[%clk 1:48:30]} c5 {[%clk 1:55:03]} 18. Kh1 {[%clk
1:31:49]} g6 {[%clk 1:21:32]} 19. Rg1 {[%clk 1:13:34]} Qf6 {[%clk 1:20:47]} 20.
e5 {[%clk 1:09:03]} Qe6 {[%clk 1:20:32]} 21. Rg5 {[%clk 0:36:14]} cxd4 {[%clk
1:14:20]} 22. Bxd4 {[%clk 0:31:05]} Bxd4 {[%clk 1:12:34]} 23. Qxd4 {[%clk
0:30:26]} dxe5 {[%clk 1:12:34]} 24. Rxe5 {[%clk 0:27:43]} Qf6 {[%clk 1:12:17]}
25. Be4 {[%clk 0:15:43]} Rb5 {[%clk 1:03:15]} 26. Rd5 {[%clk 0:12:25]} Rxb2
{[%clk 0:56:49]} 27. Rf1 {[%clk 0:05:47]} Rfb8 {[%clk 0:46:34]} 28. Rd6 {[%clk
0:02:36]} Qh4 {[%clk 0:44:29]} 29. Rd7 {[%clk 0:02:08]} Ng3+ {[%clk 0:43:54]} 0-1

[Event "US Amateur Team West Championship"]
[Site "chess24.com"]
[Date "2020.02.16"]
[Round "2"]
[White "Jirasek, Ladia"]
[Black "Kaleeswaran, Jaisuraj"]
[Result "1-0"]
[Board "2"]
[WhiteFideId "2094398"]
[WhiteTitle "IM"]
[WhiteElo "2383"]
[WhiteCountry "USA"]
[WhiteEloChange "2"]
[BlackFideId "30938171"]
[BlackElo "1858"]
[BlackCountry "USA"]
[BlackEloChange "-2"]

1. e4 {[%clk 2:00:00]} c5 {[%clk 1:53:49]} 2. Nf3 {[%clk 2:00:00]} d6 {[%clk
1:53:49]} 3. d4 {[%clk 2:00:00]} cxd4 {[%clk 1:53:49]} 4. Nxd4 {[%clk 2:00:00]}
Nf6 {[%clk 1:53:49]} 5. Nc3 {[%clk 2:00:00]} a6 {[%clk 1:53:49]} 6. Bg5 {[%clk
1:59:58]} e6 {[%clk 1:53:49]} 7. f4 {[%clk 1:59:52]} Be7 {[%clk 1:53:45]} 8. Qf3
{[%clk 1:59:46]} Qc7 {[%clk 1:53:15]} 9. O-O-O {[%clk 1:59:17]} Nbd7 {[%clk
1:52:42]} 10. g4 {[%clk 1:58:22]} b5 {[%clk 1:51:57]} 11. Bxf6 {[%clk 1:57:18]}
Nxf6 {[%clk 1:51:51]} 12. g5 {[%clk 1:57:09]} Nd7 {[%clk 1:51:47]} 13. f5 {[%clk
1:57:05]} Bxg5+ {[%clk 1:50:46]} 14. Kb1 {[%clk 1:57:05]} Ne5 {[%clk 1:50:24]}
15. Qh5 {[%clk 1:57:05]} Qe7 {[%clk 1:49:59]} 16. Nxe6 {[%clk 1:49:08]} Bxe6
{[%clk 1:49:30]} 17. fxe6 {[%clk 1:49:08]} g6 {[%clk 1:49:23]} 18. exf7+ {[%clk
1:48:51]} Kxf7 {[%clk 1:49:15]} 19. Qh3 {[%clk 1:46:17]} Kg7 {[%clk 1:46:33]} 20.
Nd5 {[%clk 1:43:47]} Qf7 {[%clk 1:42:08]} 21. Be2 {[%clk 1:38:59]} Ra7 {[%clk
1:38:34]} 22. Qa3 {[%clk 1:31:47]} Rd8 {[%clk 1:34:06]} 23. h4 {[%clk 1:29:04]}
Bh6 {[%clk 1:31:42]} 24. h5 {[%clk 1:25:42]} Qe8 {[%clk 1:28:57]} 25. hxg6 {[%clk
1:24:19]} hxg6 {[%clk 1:28:46]} 26. Rxh6 {[%clk 1:23:57]} Kxh6 {[%clk 1:27:38]}
27. Qe3+ {[%clk 1:23:52]} Kg7 {[%clk 1:27:38]} 28. Qxa7+ {[%clk 1:23:51]} Rd7
{[%clk 1:27:38]} 29. Qxa6 {[%clk 1:22:33]} Qb8 {[%clk 1:26:54]} 30. Qb6 {[%clk
1:21:46]} Rb7 {[%clk 1:26:30]} 31. Qd4 {[%clk 1:21:46]} Qf8 {[%clk 1:24:54]} 32.
Nb4 {[%clk 1:20:54]} Qe8 {[%clk 1:22:44]} 33. Nd3 {[%clk 1:20:26]} Qe7 {[%clk
1:21:17]} 34. Nxe5 {[%clk 1:20:05]} dxe5 {[%clk 1:21:15]} 35. Qd6 {[%clk
1:19:57]} Qe8 {[%clk 1:20:53]} 36. Rg1 {[%clk 1:19:28]} Re7 {[%clk 1:20:22]} 37.
Bxb5 {[%clk 1:19:09]} Re6 {[%clk 1:19:19]} 38. Bxe8 {[%clk 1:18:44]} 1-0

[Event "US Amateur Team West Championship"]
[Site "chess24.com"]
[Date "2020.02.16"]
[Round "2"]
[White "Meiyappan, Annapoorni"]
[Black "Taghizadeh, Rayan"]
[Result "0-1"]
[Board "3"]
[WhiteFideId "2094860"]
[WhiteTitle "WFM"]
[WhiteElo "1755"]
[WhiteCountry "USA"]
[WhiteEloChange "-2"]
[BlackFideId "2054019"]
[BlackTitle "FM"]
[BlackElo "2311"]
[BlackCountry "USA"]
[BlackEloChange "2"]

1. e4 {[%clk 2:00:00]} c5 {[%clk 2:00:00]} 2. Nf3 {[%clk 1:59:59]} e6 {[%clk
2:00:00]} 3. c3 {[%clk 1:59:59]} d5 {[%clk 1:57:36]} 4. exd5 {[%clk 1:59:12]}
Qxd5 {[%clk 1:57:35]} 5. d4 {[%clk 1:58:44]} Nf6 {[%clk 1:57:18]} 6. Bb5+ {[%clk
1:56:26]} Bd7 {[%clk 1:54:53]} 7. Bxd7+ {[%clk 1:56:02]} Nbxd7 {[%clk 1:54:53]}
8. O-O {[%clk 1:55:56]} Be7 {[%clk 1:54:19]} 9. Nbd2 {[%clk 1:54:16]} O-O {[%clk
1:53:13]} 10. Re1 {[%clk 1:50:05]} Rfd8 {[%clk 1:52:17]} 11. Nf1 {[%clk 1:44:05]}
b5 {[%clk 1:47:14]} 12. Bf4 {[%clk 1:40:39]} Qb7 {[%clk 1:44:31]} 13. Ne5 {[%clk
1:31:23]} cxd4 {[%clk 1:39:52]} 14. cxd4 {[%clk 1:29:47]} Nb6 {[%clk 1:37:45]}
15. Rc1 {[%clk 1:27:09]} Rac8 {[%clk 1:36:44]} 16. Qf3 {[%clk 1:21:31]} Qxf3
{[%clk 1:35:50]} 17. Nxf3 {[%clk 1:21:20]} Nfd5 {[%clk 1:35:24]} 18. Bg3 {[%clk
1:19:03]} Na4 {[%clk 1:33:20]} 19. Ne5 {[%clk 1:04:05]} Nxb2 {[%clk 1:30:39]} 20.
Nc6 {[%clk 1:03:45]} Nd3 {[%clk 0:01:26]} 21. Nxe7+ {[%clk 1:02:45]} Nxe7 {[%clk
0:00:06]} 22. Rxc8 {[%clk 1:02:31]} Nxc8 {[%clk 0:04:35]} 23. Rb1 {[%clk
0:01:38]} b4 {[%clk 0:10:33]} 24. Ne3 {[%clk 0:03:38]} Rxd4 {[%clk 1:20:41]} 25.
Kf1 {[%clk 0:03:38]} f5 {[%clk 0:04:34]} 26. Nc2 {[%clk 0:03:38]} Rc4 {[%clk
0:00:40]} 27. Ke2 {[%clk 0:03:38]} Rxc2+ {[%clk 0:00:10]} 28. Kxd3 {[%clk
0:03:38]} Rc3+ {[%clk 1:17:54]} 29. Kd2 {[%clk 0:03:38]} Rc4 {[%clk 1:16:51]} 30.
Rc1 {[%clk 0:03:38]} Rxc1 {[%clk 1:16:06]} 31. Kxc1 {[%clk 0:03:38]} Nb6 {[%clk
1:11:22]} 32. Bd6 {[%clk 0:03:38]} Nd5 {[%clk 1:10:16]} 33. Kb2 {[%clk 0:03:38]}
g5 {[%clk 1:07:23]} 34. Kb3 {[%clk 0:03:38]} Kf7 {[%clk 1:06:49]} 35. Bxb4 {[%clk
0:03:38]} Nxb4 {[%clk 1:06:49]} 36. Kxb4 {[%clk 0:03:38]} e5 {[%clk 1:06:49]} 37.
Kc5 {[%clk 0:03:38]} Ke6 {[%clk 1:06:49]} 38. a3 {[%clk 0:03:38]} h5 {[%clk
1:06:49]} 39. a4 {[%clk 0:03:38]} a5 {[%clk 1:06:49]} 40. Kb5 {[%clk 0:03:38]}
Kd5 {[%clk 1:06:49]} 41. Kxa5 {[%clk 0:03:38]} Kc5 {[%clk 1:06:49]} 42. Ka6
{[%clk 0:03:38]} e4 {[%clk 1:06:49]} 43. Kb7 {[%clk 0:03:38]} f4 {[%clk 1:06:49]}
44. a5 {[%clk 0:03:38]} e3 {[%clk 1:06:49]} 0-1

[Event "US Amateur Team West Championship"]
[Site "chess24.com"]
[Date "2020.02.16"]
[Round "2"]
[White "Lemkin, Ben"]
[Black "Senthilkumar, Pranav"]
[Result "1/2-1/2"]
[Board "4"]
[WhiteFideId "30965098"]
[WhiteElo "1524"]
[WhiteCountry "USA"]
[WhiteEloChange "8"]
[BlackFideId "2083477"]
[BlackTitle "CM"]
[BlackElo "1879"]
[BlackCountry "USA"]
[BlackEloChange "-8"]

1. e4 {[%clk 2:00:00]} c5 {[%clk 2:00:00]} 2. Nf3 {[%clk 1:59:58]} e6 {[%clk
2:00:00]} 3. d4 {[%clk 1:59:48]} cxd4 {[%clk 2:00:00]} 4. Nxd4 {[%clk 1:59:44]}
Nc6 {[%clk 2:00:00]} 5. Nc3 {[%clk 1:59:27]} Qc7 {[%clk 1:59:57]} 6. Be3 {[%clk
1:58:14]} Nf6 {[%clk 1:59:55]} 7. Be2 {[%clk 1:56:17]} a6 {[%clk 1:59:54]} 8. Qd2
{[%clk 1:54:31]} Bb4 {[%clk 1:59:12]} 9. Bf3 {[%clk 1:52:35]} Ne5 {[%clk
1:57:45]} 10. Bf4 {[%clk 1:48:22]} Nxf3+ {[%clk 1:54:59]} 11. Nxf3 {[%clk
1:48:08]} Qc4 {[%clk 1:53:35]} 12. Ne5 {[%clk 1:42:08]} Qc5 {[%clk 1:49:05]} 13.
Nd3 {[%clk 1:34:58]} Nxe4 {[%clk 1:43:08]} 14. Nxc5 {[%clk 1:34:20]} Nxd2 {[%clk
1:43:08]} 15. Nxe6 {[%clk 1:33:49]} dxe6 {[%clk 1:42:10]} 16. Bxd2 {[%clk
1:33:33]} Bd7 {[%clk 1:40:35]} 17. O-O-O {[%clk 1:31:58]} Bc6 {[%clk 1:39:36]}
18. Ne4 {[%clk 1:29:16]} Be7 {[%clk 1:37:05]} 19. f3 {[%clk 1:26:19]} O-O {[%clk
1:36:04]} 20. Ng3 {[%clk 1:24:29]} Bd5 {[%clk 1:33:23]} 21. Kb1 {[%clk 1:23:07]}
Rac8 {[%clk 1:30:01]} 22. Bc3 {[%clk 1:21:12]} Rc4 {[%clk 1:23:54]} 23. Nf5
{[%clk 1:17:51]} Re8 {[%clk 1:04:57]} 24. Nxg7 {[%clk 1:13:05]} Rec8 {[%clk
1:02:13]} 25. Nf5 {[%clk 1:11:47]} Bc5 {[%clk 0:55:05]} 26. Be5 {[%clk 1:00:47]}
Bf8 {[%clk 0:51:19]} 27. Ne3 {[%clk 0:57:24]} R4c5 {[%clk 0:50:39]} 28. Nxd5
{[%clk 0:54:59]} exd5 {[%clk 0:50:32]} 29. Rd4 {[%clk 0:53:49]} f6 {[%clk
0:49:14]} 30. Bxf6 {[%clk 0:53:17]} Rxc2 {[%clk 0:48:04]} 31. Rxd5 {[%clk
0:51:59]} Bh6 {[%clk 0:47:02]} 32. Bg5 {[%clk 0:50:12]} Bg7 {[%clk 0:44:45]} 33.
Rd2 {[%clk 0:46:21]} R2c5 {[%clk 0:41:51]} 34. Rd8+ {[%clk 0:44:45]} Rxd8 {[%clk
0:41:39]} 35. Bxd8 {[%clk 0:44:38]} Rd5 {[%clk 0:41:36]} 36. Be7 {[%clk 0:38:10]}
Rd2 {[%clk 0:39:23]} 37. Ba3 {[%clk 0:37:33]} Rxg2 {[%clk 0:38:20]} 38. Rd1
{[%clk 0:36:17]} b5 {[%clk 0:36:09]} 39. Rd8+ {[%clk 0:35:18]} Kf7 {[%clk
0:35:42]} 40. Rd7+ {[%clk 0:31:22]} Kg8 {[%clk 0:35:14]} 41. Rd8+ {[%clk
0:30:29]} Kf7 {[%clk 0:35:10]} 42. Rd7+ {[%clk 0:30:22]} Kg6 {[%clk 0:33:27]} 43.
Rd6+ {[%clk 0:29:47]} Kf5 {[%clk 0:30:16]} 1/2-1/2